| 000 | 01299nam a2200361 i 4500 | ||
|---|---|---|---|
| 001 | 12935 | ||
| 003 | KOSZ 005 | ||
| 005 | 20240405063014.0 | ||
| 008 | 070720s1970 pl g 000 0 pol | ||
| 015 | _aPB 1970/7299 | ||
| 040 |
_aWA N _cWA N _dKOSZ 005/RW _dKOSZ 005/HR |
||
| 046 | _k1970 | ||
| 080 | _a651 | ||
| 080 | _a:930.25(438) | ||
| 080 | _a351.85(438) | ||
| 100 | 1 |
_aRadczuk, Krzysztof _eAutor |
|
| 245 | 1 | 0 |
_aDokumentacja w zakładzie pracy : _bprzepisy kancelaryjne i archiwalne : stan prawny na dzień 30 VI 1969 r. / _cKrzysztof Radczuk ; Naczelna Dyrekcja Archiwów Państwowych. |
| 250 | _aWyd. 2 zm. i uzup. | ||
| 260 |
_aWarszawa ; _aŁódź : _bPaństwowe Wydawnictwo Naukowe, _c1970. |
||
| 300 |
_a142, [1] s. ; _c24 cm. |
||
| 336 |
_2rdacontent _aTekst _btxt |
||
| 337 |
_2rdamedia _aBez urządzenia pośredniczącego _bn |
||
| 338 |
_2rdacarrier _aWolumin _bnc |
||
| 380 | _aKsiążki. | ||
| 648 | 7 | _a1901-2000 | |
| 648 | 7 | _a1945-1989 | |
| 650 | 4 | _aPrawo archiwalne | |
| 651 | 7 | _aPolska | |
| 658 | _aPrawo i wymiar sprawiedliwości | ||
| 710 | 2 |
_aPaństwowe Wydawnictwo Naukowe _4pbl. |
|
| 856 |
_uhttp://koha.tu.koszalin.pl/cgi-bin/koha/opac-detail.pl?biblionumber=12935 _yKatalog online BPK |
||
| 942 |
_2UKD _cKS |
||
| 999 |
_c12935 _d12935 |
||